000 00555nam a22001817a 4500
003 OSt
005 20160420122921.0
008 160420b xxu||||| |||| 00| 0 eng d
010 _a956526
020 _a0132287684
040 _cn/a
050 _aHF5635
_b .I 657 1996
100 _aJones Kumen H,.
245 _aIntroduction to Financial Accounting:a user perspective
_cKumen H. Jones;Jean B. Price;Michael L.Werner & Martha S.Doran
260 _aEnglewood Cliffs,New Jersy
_bPrentice Hall
_cc1996
300 _axix,520p
_bill
_c28cm
942 _2lcc
_cBK
999 _c253160
_d253159